Skúmanie príslušnosti podnikov financovaných rizikovým kapitálom k odvetviu podľa ich technologickej, resp. poznatkovej náročnosti

Gespeichert in:
Bibliographische Detailangaben
1. Verfasser: Freňáková, Magdaléna, 1981-
Format: Buchkapitel
Sprache:Slowakisch
Englisch
Tags: Tag hinzufügen
Keine Tags, Fügen Sie das erste Tag hinzu!

MARC

LEADER 00000nla a2200000 4500
001 0209155
005 20240502073456.0
041 0 |a slo 
041 0 |a eng 
044 |a SK 
245 1 0 |a Skúmanie príslušnosti podnikov financovaných rizikovým kapitálom k odvetviu podľa ich technologickej, resp. poznatkovej náročnosti  |c Magdaléna Freňáková 
500 |a Abstrakt 
100 1 |a Freňáková, Magdaléna, 1981-